01435cam a22004214i 4500003000900000005001700009008004100026020001500067020001800082035002000100040003300120082001700153100003200170245011400202264003400316300003700350336002100387337002500408338002300433490003200456504004000488505025700528526001000785526001000795526001000805526001000815526000800825526000800833526000800841526000800849526000800857526000800865526000800873650002400881650005100905650002400956700003300980PE-LiUPU20250731172928.0170530s1980 tnu rb 0n0 0 eng d a0687104904 a9780687104901 a(Sirsi) a204132 aPE-LiUPUbspacPE-LiUPUerda04a251bM272201 aMassey, James Earl,eautor.10aDesigning the sermon :border and movement in preaching /cJames Earl Massey ; [William D. Thompson, editor]. 1aNashville :bAbingdon,c1980. a127 páginas ;c21 centimetros. atext2rdacontent aunmediated2rdamedia avolume2rdacarrier0 aAbingdon preacher's library aBibliografía : páginas 121-124.0 aThe sermon in context -- Designing the narrative/story sermon -- Designing the textual/expository sermon -- Designing the doctrinal/topical sermon -- Designing the funeral sermon -- Studying the methods of master preachers -- Three illustrated designs. aSEG42 aSEG41 aSEG40 aSEG39 aP94 aP87 aP86 aP85 aP77 aP76 aP35 0aPredicación.2swd07aIglesia protestante.2fast0(OCoLC)fst0107481307aPredicación.2swd1 aThompson, William D.editor.